01427nam a2200325Ia 4500001001200000003000800012006001900020007001500039008004100054010001700095020001500112040002100127035002100148050002400169245017600193260004400369300001600413490004900429504005100478533015200529650005400681650006600735655002900801700003400830700002800864710001700892830004900909856012600958999001701084ebr10023667CaPaEBRm u cr cn|||||||||021216s2002 dcu sb 001 0 eng d z 2002728396 z0821350684 aCaPaEBRcCaPaEBR a(OCoLC)55911244414aHC79.C3bU53 2002eb00aUnderstanding and measuring social capitalh[electronic resource] :ba multidisciplinary tool for practitioners /cChristiaan Grootaert and Thierry van Bastelaer, editors. aWashington, D.C. :bWorld Bank,cc2002. axii, 304 p.1 aDirections in development (Washington, D.C.) aIncludes bibliographical references and index. aElectronic reproduction.bPalo Alto, Calif. :cebrary,d2009.nAvailable via World Wide Web.nAccess may be limited to ebrary affiliated libraries. 0aInfrastructure (Economics)zDeveloping countries. 0aInfrastructure (Economics)zDeveloping countriesvStatistics. 7aElectronic books.2local1 aGrootaert, Christiaan,d1950-1 aVan Bastelaer, Thierry.2 aebrary, Inc. 0aDirections in development (Washington, D.C.)40uhttp://site.ebrary.com/lib/rucke/Doc?id=10023667zAn electronic book accessible through the World Wide Web; click to view c22697d22697